| 000 | 00669nam a2200217Ia 4500 | ||
|---|---|---|---|
| 003 | OSt | ||
| 005 | 20251030122117.0 | ||
| 008 | 220926b |||||||| |||| 00| 0 eng d | ||
| 037 | _cReference | ||
| 040 |
_aRTL _cRTL _beng |
||
| 041 |
_2eng _aeng |
||
| 084 |
_aX:3M24xM18:g L8/SC _qRTL |
||
| 100 |
_aVolpe, Galvano Della _9370984 |
||
| 245 | 0 | _aRousseau and Marx | |
| 260 |
_aLondon _bLawrence and Wishart _c1978 |
||
| 300 |
_a206 p. _bIncludes bibliographical reference and index |
||
| 650 |
_aKarl Marx theory _9849241 |
||
| 650 |
_aEconomic _9849242 |
||
| 942 |
_hX:3M24xM18:g L8/SC _cREF _2CC _n0 |
||
| 999 |
_c691233 _d691233 |
||